[Event "Sparkassen-Open A"]
[Site "Heusenstamm, Martinsee"]
[Date "2024.11.21"]
[Round "1.1"]
[White "Stojanoski, Stefan"]
[Black "Morgenroth, Fabian"]
[Result "1/2-1/2"]
[WhiteElo "1659"]
[BlackElo "1895"]
[PlyCount "97"]
[EventDate "2024.11.21"]
[WhiteTeam "SAbt TuS Makkabi Ffm"]
[BlackTeam "SC Turm Breuberg"]

1. e4 e6 2. d4 d5 3. Nc3 Bb4 4. Bd3 c5 5. Bb5+ Nc6 6. Nge2 Bd7 7. O-O cxd4 8. Bxc6 bxc6 9. Qxd4 Bxc3 10. Nxc3 Qf6 11. Qxf6 Nxf6 12. e5 Ng8 13. f4 c5 14. a4 a6 15. b3 Ne7 16. Ba3 Rc8 17. Ne2 Nf5 18. Rf3 h5 19. Rc3 c4 20. Rc1 f6 21. Ng3 Nxg3 22. Rxg3 Kf7 23. exf6 gxf6 24. Rd1 h4 25. Re3 cxb3 26. cxb3 Rc2 27. Rc1 Rxc1+ 28. Bxc1 d4 29. Re4 Bc6 30. Rxd4 Rg8 31. Rd2 Bd5 32. b4 Rc8 33. Bb2 Rc4 34. b5 axb5 35. axb5 Rxf4 36. Rd4 Rxd4 37. Bxd4 Kg6 38. b6 e5 39. Be3 f5 40. Kf2 f4 41. Bd2 Kf5 42. Bb4 e4 43. Be7 e3+ 44. Ke2 Bxg2 45. Bxh4 Kg4 46. Be1 Kh3 47. Bg3 fxg3 48. hxg3 Kxg3 49. Kxe3 1/2-1/2

[Event "Sparkassen-Open A"]
[Site "Heusenstamm, Martinsee"]
[Date "2024.11.21"]
[Round "1.2"]
[White "Ritonnale, Theo"]
[Black "Kludszuweit, Kim Ira"]
[Result "0-1"]
[WhiteElo "1847"]
[BlackElo "1658"]
[PlyCount "66"]
[EventDate "2024.11.21"]
[WhiteTeam "Sfr.Mainz 1928"]
[BlackTeam "SF Essen-Werden 1924/"]

1. e4 c5 2. Nc3 e6 3. d3 Nc6 4. g3 Be7 5. Bg2 Nf6 6. f4 O-O 7. Nf3 d6 8. O-O d5 9. Nh4 d4 10. Ne2 Ng4 11. Nf3 h5 12. h3 Ne3 13. Bxe3 dxe3 14. Qc1 Nd4 15. Re1 Nxf3+ 16. Bxf3 e5 17. Kh2 Qd7 18. Bg2 h4 19. Qxe3 hxg3+ 20. Qxg3 Qd8 21. Rg1 Bh4 22. Qe3 exf4 23. Nxf4 Qc7 24. Kh1 Be6 25. Bf3 g5 26. Nh5 Qe5 27. Bg4 f5 28. Be2 fxe4 29. dxe4 Rae8 30. Raf1 Kh8 31. Rxf8+ Rxf8 32. Rf1 Bf5 33. Bf3 Bxh3 0-1

[Event "Sparkassen-Open A"]
[Site "Heusenstamm, Martinsee"]
[Date "2024.11.21"]
[Round "1.3"]
[White "Leichum, Engelbert"]
[Black "Jacobs, Thomas"]
[Result "0-1"]
[WhiteElo "1658"]
[BlackElo "1841"]
[PlyCount "50"]
[EventDate "2024.11.21"]
[WhiteTeam "Frankfurt"]
[BlackTeam "SV 1929 Raunheim"]

1. e4 c5 2. d4 cxd4 3. Bc4 d6 4. Nf3 Nf6 5. e5 dxe5 6. O-O Nc6 7. c3 e6 8. Qe2 Bd6 9. Bg5 O-O 10. Nbd2 dxc3 11. bxc3 Be7 12. Rad1 Qc7 13. Bxf6 Bxf6 14. Ne4 Be7 15. Bd3 f5 16. Nfg5 fxe4 17. Qxe4 Rf5 18. Nh3 Rh5 19. g3 Rxh3 20. f4 Bf6 21. Kg2 Rh6 22. fxe5 Qxe5 23. Qa4 Qxc3 24. Rf3 Qb2+ 25. Bc2 Qb4 0-1

[Event "Sparkassen-Open A"]
[Site "Heusenstamm, Martinsee"]
[Date "2024.11.21"]
[Round "1.4"]
[White "Berkes, Jörg"]
[Black "Papadopoulos, Kyriakos"]
[Result "1-0"]
[WhiteElo "1836"]
[BlackElo "1656"]
[PlyCount "117"]
[EventDate "2024.11.21"]
[WhiteTeam "SK Langen"]
[BlackTeam "VSG 1880 Offenbach"]

1. Nf3 d5 2. g3 Nf6 3. Bg2 c5 4. O-O Nc6 5. d3 e5 6. Nbd2 Bd6 7. e4 d4 8. Nc4 Be6 9. Nxd6+ Qxd6 10. Nh4 Qd7 11. f4 exf4 12. gxf4 Bg4 13. Bf3 Bxf3 14. Qxf3 Qg4+ 15. Qxg4 Nxg4 16. Nf5 O-O 17. h3 Nf6 18. a3 Rad8 19. Kf2 g6 20. Rg1 Kh8 21. Nh6 Kg7 22. Ng4 Nxg4+ 23. hxg4 f6 24. Rh1 h6 25. Kg3 g5 26. Rh2 Rf7 27. Bd2 Rdf8 28. Rah1 Rh8 29. fxg5 fxg5 30. Bxg5 Kg6 31. Bf4 Rfh7 32. Rh5 b6 33. Rd5 Rd8 34. Rhh5 Rxd5 35. Rxd5 Ne7 36. Rd6+ Kg7 37. Be5+ Kf7 38. Rf6+ Ke8 39. Bf4 Ng8 40. Rc6 Kd8 41. e5 Kd7 42. Rg6 Ne7 43. e6+ Kc6 44. Rf6 Rh8 45. Rf7 Re8 46. Bxh6 Kd6 47. Rf8 Rxf8 48. Bxf8 Kxe6 49. Bxe7 Kxe7 50. g5 b5 51. b3 a5 52. a4 b4 53. Kf4 Ke6 54. g6 Kf6 55. g7 Kxg7 56. Ke4 Kf6 57. Kd5 Kf5 58. Kxc5 Ke5 59. Kc4 1-0

[Event "Sparkassen-Open A"]
[Site "Heusenstamm, Martinsee"]
[Date "2024.11.21"]
[Round "1.5"]
[White "Usatenko, Ksenia"]
[Black "Raghavan, Badrinarayanan"]
[Result "1-0"]
[WhiteElo "1656"]
[BlackElo "1823"]
[PlyCount "125"]
[EventDate "2024.11.21"]
[WhiteTeam "Hanau"]
[BlackTeam "SK 1858 Gießen"]

1. e4 g6 2. d4 Bg7 3. Nc3 c5 4. Nf3 cxd4 5. Nxd4 Nc6 6. Be3 Qa5 7. Qd2 Nf6 8. f3 a6 9. Bc4 d6 10. O-O-O Qc7 11. Rhe1 Nxd4 12. Qxd4 Nh5 13. Qd3 b5 14. Bb3 Bb7 15. Nd5 Bxd5 16. Qxd5 O-O 17. g4 Nf6 18. Qd2 a5 19. a3 a4 20. Ba2 Rfc8 21. Bd4 Bh6 22. Be3 Bg7 23. Bd4 Bh6 24. Be3 Bxe3 25. Rxe3 Nd7 26. Rc3 Nc5 27. h4 Qb6 28. h5 b4 29. axb4 Qxb4 30. hxg6 hxg6 31. Qd4 Qb6 32. f4 Rab8 33. Rh3 Nb3+ 34. Bxb3 Qxd4 35. Bxf7+ Kxf7 36. Rxd4 Rc7 37. Rxa4 Rbc8 38. c3 Rc4 39. Rxc4 Rxc4 40. Re3 d5 41. exd5 Rxf4 42. Rg3 e6 43. dxe6+ Kxe6 44. b4 Kd5 45. Kb2 Kc4 46. Kc2 Rf2+ 47. Kd1 g5 48. Ke1 Rc2 49. Kf1 Kb5 50. Re3 Kc4 51. Re5 Rxc3 52. b5 Rb3 53. Rxg5 Kd4 54. Rf5 Ke4 55. Kg2 Kd4 56. Rf4+ Ke5 57. Rf3 Rb2+ 58. Kh3 Ke6 59. Rf5 Rb3+ 60. Kh4 Kd7 61. Kg5 Ke7 62. Kg6 Rb2 63. Kg7 1-0

[Event "Sparkassen-Open A"]
[Site "Heusenstamm, Martinsee"]
[Date "2024.11.21"]
[Round "1.6"]
[White "Haftmann, Rainer"]
[Black "Kuran, Rainer"]
[Result "0-1"]
[WhiteElo "1809"]
[BlackElo "1652"]
[PlyCount "70"]
[EventDate "2024.11.21"]
[WhiteTeam "SAbt SG 1945 Dietzenbach"]
[BlackTeam "Karlsruhe"]

1. e4 c5 2. Nf3 a6 3. d4 cxd4 4. Nxd4 Nf6 5. Nc3 e5 6. Nb3 Bb4 7. Bd2 d6 8. Bd3 O-O 9. a3 Bxc3 10. Bxc3 Nc6 11. h3 Re8 12. O-O Be6 13. Kh1 Qc7 14. f4 Rad8 15. f5 Bxb3 16. cxb3 d5 17. exd5 Nxd5 18. Qe2 Nf4 19. Rxf4 exf4 20. Qg4 Ne5 21. Bxe5 Qxe5 22. Bc4 b5 23. Bf1 Qxb2 24. Rd1 Qxb3 25. f6 g6 26. Rxd8 Rxd8 27. Qxf4 Qxa3 28. Qh6 Qf8 29. Qf4 Rd6 30. g4 Qd8 31. g5 Rd4 32. Qf2 Qd5+ 33. Kh2 Qe5+ 34. Kh1 Qf4 35. Qe1 Qe4+ 0-1

[Event "Sparkassen-Open A"]
[Site "Heusenstamm, Martinsee"]
[Date "2024.11.21"]
[Round "1.7"]
[White "Lüders, Eric"]
[Black "Bauer, Ottmar"]
[Result "1/2-1/2"]
[WhiteElo "1651"]
[BlackElo "1806"]
[PlyCount "53"]
[EventDate "2024.11.21"]
[WhiteTeam "SF Hünstetten"]
[BlackTeam "TSV 1869 e. V. Rottendorf"]

1. e4 c6 2. d4 d5 3. exd5 cxd5 4. Bd3 Nc6 5. c3 Nf6 6. h3 e5 7. dxe5 Nxe5 8. Nf3 Nxd3+ 9. Qxd3 Bd6 10. O-O O-O 11. Be3 Re8 12. Nbd2 Ne4 13. Rfd1 Bc7 14. Nf1 Be6 15. N3d2 Qh4 16. Nf3 Qh5 17. N3d2 Rad8 18. Qb5 Nd6 19. Qd3 Nc4 20. Nxc4 dxc4 21. Qc2 Bf5 22. Qc1 Rxd1 23. Qxd1 Qg6 24. g4 Bd3 25. Qa4 Qe6 26. Qxa7 Qe4 27. Qd4 1/2-1/2

[Event "Sparkassen-Open A"]
[Site "Heusenstamm, Martinsee"]
[Date "2024.11.21"]
[Round "1.8"]
[White "Sikorra, Philipp"]
[Black "Will, Elina"]
[Result "1-0"]
[WhiteElo "1801"]
[BlackElo "1650"]
[PlyCount "51"]
[EventDate "2024.11.21"]
[WhiteTeam "SF Schönwald"]
[BlackTeam "TuS Makkabi Wiesbaden"]

1. e4 e6 2. b3 c5 3. Bb2 d5 4. g3 Nc6 5. Bg2 f6 6. exd5 exd5 7. Qh5+ g6 8. Qxd5 Qe7+ 9. Ne2 Nb4 10. Qe4 Bf5 11. Qxe7+ Bxe7 12. Na3 Bxc2 13. O-O Bd3 14. Rfe1 O-O-O 15. Nf4 Bf5 16. Bc3 g5 17. Ne6 Rd7 18. Nxg5 Bg6 19. Bh3 f5 20. Rxe7 Nxe7 21. Bxh8 Rxd2 22. Nb5 Nec6 23. Nc3 Nd4 24. Bxd4 cxd4 25. Nb5 a6 26. Nf3 1-0

[Event "Sparkassen-Open A"]
[Site "Heusenstamm, Martinsee"]
[Date "2024.11.21"]
[Round "1.9"]
[White "Iannotti, Tim"]
[Black "Bardorz, Stefan"]
[Result "0-1"]
[WhiteElo "1649"]
[BlackElo "1800"]
[PlyCount "101"]
[EventDate "2024.11.21"]
[WhiteTeam "SV Oberursel"]
[BlackTeam "TSV 1869 e. V. Rottendorf"]

1. e4 e5 2. Nf3 Nc6 3. Bc4 Bc5 4. c3 Nf6 5. d3 a6 6. O-O d6 7. h3 Na5 8. Bxf7+ Kxf7 9. b4 Bxb4 10. cxb4 Nc6 11. Qb3+ Ke8 12. Nc3 h6 13. Be3 Qe7 14. b5 axb5 15. Nxb5 Kd8 16. Nc3 Rf8 17. Rfe1 Qf7 18. d4 Qh5 19. d5 Na5 20. Qd1 Nc4 21. Nd2 Nxe3 22. Qxh5 Nxh5 23. Rxe3 Bd7 24. Rb1 Ra7 25. Nc4 Nf4 26. Rb2 Ke7 27. h4 Nh5 28. Ree2 Nf4 29. Red2 Rf6 30. Nb5 Bxb5 31. Rxb5 Rg6 32. g3 Rg4 33. Kh2 Nh5 34. Re2 Nf6 35. f3 Rg6 36. Reb2 b6 37. Ne3 Ra3 38. R5b3 Rxb3 39. Rxb3 Kd7 40. Ra3 Nh5 41. g4 Nf4 42. Ra7 Rf6 43. Nc4 Kc8 44. Ra8+ Kb7 45. Ra3 Ne2 46. Kg2 Nd4 47. Rd3 Rf8 48. a3 Ra8 49. f4 Ne2 50. Kf3 Nxf4 51. Ne3 0-1

[Event "Sparkassen-Open A"]
[Site "Heusenstamm, Martinsee"]
[Date "2024.11.21"]
[Round "1.10"]
[White "Pyshny, Antonia"]
[Black "Wöhl, Torsten"]
[Result "1-0"]
[WhiteElo "1796"]
[BlackElo "1648"]
[PlyCount "71"]
[EventDate "2024.11.21"]
[WhiteTeam "SC Eschborn 1974"]
[BlackTeam "SC Groß-Zimmern"]

1. e4 e6 2. d4 d5 3. exd5 exd5 4. Nf3 Nf6 5. Bd3 Be7 6. O-O Bg4 7. h3 Bh5 8. Bf4 O-O 9. Nbd2 c5 10. dxc5 Bxc5 11. c3 a6 12. Qc2 Bg6 13. Ne5 Bxd3 14. Qxd3 Nc6 15. Rad1 Nxe5 16. Bxe5 Be7 17. Nf3 Nd7 18. Qxd5 Nxe5 19. Nxe5 Qc7 20. Nf3 Rad8 21. Qb3 Rd6 22. Rxd6 Bxd6 23. Re1 h6 24. Nd4 Bc5 25. Re4 Kh8 26. Qa4 Qd8 27. Qc4 Qg5 28. b4 Qc1+ 29. Kh2 Bd6+ 30. g3 Qd2 31. Kg2 Qg5 32. Nf3 Qf5 33. Rd4 Rc8 34. Qd3 Qxd3 35. Rxd3 Be7 36. Rd7 1-0

[Event "Sparkassen-Open A"]
[Site "Heusenstamm, Martinsee"]
[Date "2024.11.21"]
[Round "1.11"]
[White "Tran, Duy-Khang"]
[Black "Englert, Fred"]
[Result "0-1"]
[WhiteElo "1647"]
[BlackElo "1790"]
[PlyCount "41"]
[EventDate "2024.11.21"]
[WhiteTeam "TSV 1869 e. V. Rottendorf"]
[BlackTeam "SK 1982 Klingenberg e.V."]

1. e4 c6 2. d4 d5 3. e5 Bf5 4. Nf3 e6 5. Be2 Ne7 6. O-O Bg6 7. Nbd2 Nf5 8. Nb3 Be7 9. a4 Nd7 10. a5 O-O 11. Bd2 c5 12. Nxc5 Nxc5 13. dxc5 Bxc5 14. c4 Nd4 15. cxd5 Qxd5 16. Nxd4 Bxd4 17. Bf3 Qb5 18. a6 Rab8 19. Bxb7 Qxb2 20. Rb1 Bxb1 21. Qxb1 0-1

[Event "Sparkassen-Open A"]
[Site "Heusenstamm, Martinsee"]
[Date "2024.11.21"]
[Round "1.12"]
[White "Hofmann, Werner"]
[Black "Wang, Enya Marie"]
[Result "1-0"]
[WhiteElo "1789"]
[BlackElo "1647"]
[PlyCount "63"]
[EventDate "2024.11.21"]
[WhiteTeam "SV 1920 Kelsterbach"]
[BlackTeam "TSV Schönaich"]

1. d4 Nf6 2. Bf4 g6 3. e3 Bg7 4. c3 d6 5. Nf3 O-O 6. Nbd2 Nh5 7. Bg5 h6 8. Bh4 g5 9. Bg3 Nxg3 10. hxg3 e5 11. dxe5 dxe5 12. Qc2 f5 13. Bc4+ Kh8 14. O-O-O Qe7 15. Qb3 Nc6 16. Bd5 Nd8 17. Kb1 c6 18. Bc4 b5 19. Be2 Be6 20. Qc2 a6 21. e4 Nf7 22. exf5 e4 23. fxe6 exf3 24. Bxf3 Qxe6 25. Rhe1 Qd6 26. Nb3 Qc7 27. Nc5 Nd8 28. Rd7 Qb6 29. Qg6 Rf7 30. Re8+ Bf8 31. Rxf8+ Rxf8 32. Qh7# 1-0

[Event "Sparkassen-Open A"]
[Site "Heusenstamm, Martinsee"]
[Date "2024.11.21"]
[Round "1.13"]
[White "Chiokadze, Barbare"]
[Black "Bach, Oliver"]
[Result "1/2-1/2"]
[WhiteElo "1644"]
[BlackElo "1788"]
[PlyCount "113"]
[EventDate "2024.11.21"]
[WhiteTeam "David Jojua Schachschule"]
[BlackTeam "Sabt Frankfurter TV 1860"]

1. d4 d5 2. c4 c6 3. cxd5 cxd5 4. Nc3 Nf6 5. Bf4 e6 6. e3 Bd6 7. Bxd6 Qxd6 8. Bb5+ Bd7 9. Bxd7+ Nbxd7 10. Nf3 O-O 11. O-O a6 12. Rc1 Rac8 13. a3 Rc6 14. Qd3 Re8 15. Rfd1 h6 16. Rd2 b5 17. Rcd1 b4 18. axb4 Qxb4 19. h3 Rb8 20. Ne5 Nxe5 21. dxe5 Nd7 22. f4 Nc5 23. Qe2 Ne4 24. Nxe4 Qxe4 25. Rd4 Qg6 26. R4d2 Rb3 27. Qf3 Rcb6 28. Ra1 Rxb2 29. Rxb2 Rxb2 30. Rxa6 Rb1+ 31. Kh2 Re1 32. Qf2 Qb1 33. Rc6 g6 34. Rc8+ Kg7 35. Rc2 Rh1+ 36. Kg3 Rf1 37. Rb2 Rxf2 38. Rxb1 Rd2 39. Rb5 g5 40. fxg5 hxg5 41. Rb4 Kg6 42. Rd4 Rxd4 43. exd4 f6 44. exf6 Kxf6 45. Kf3 e5 46. Ke3 e4 47. Kf2 Kf5 48. Ke3 g4 49. h4 g3 50. h5 Kg5 51. h6 Kxh6 52. Kf4 Kg6 53. Kg4 Kh6 54. Kh4 Kg6 55. Kg4 Kf6 56. Kf4 Ke6 57. Kg4 1/2-1/2

[Event "Sparkassen-Open A"]
[Site "Heusenstamm, Martinsee"]
[Date "2024.11.21"]
[Round "1.14"]
[White "Bardorz, Christoph"]
[Black "Brunner, Andreas"]
[Result "0-1"]
[WhiteElo "1787"]
[BlackElo "1639"]
[PlyCount "138"]
[EventDate "2024.11.21"]
[WhiteTeam "TSV 1869 e. V. Rottendorf"]
[BlackTeam "FV Berkersheim"]

1. e4 e6 2. d4 d5 3. Nd2 c5 4. exd5 Qxd5 5. Ngf3 Nf6 6. Bc4 Qh5 7. O-O Be7 8. Re1 Nc6 9. Nb3 O-O 10. Qe2 cxd4 11. Nfxd4 Nxd4 12. Qxh5 Nxh5 13. Nxd4 Bf6 14. Be3 g6 15. g4 Ng7 16. f3 b6 17. c3 Bb7 18. Be2 e5 19. Nb3 Ne6 20. Red1 Bg5 21. Bxg5 Nxg5 22. Kf2 Rfd8 23. h4 Nh3+ 24. Kg3 Nf4 25. Bf1 Kg7 26. Kf2 f5 27. Rxd8 Rxd8 28. Re1 Kf6 29. g5+ Ke6 30. Bc4+ Bd5 31. Rd1 Rd7 32. Bxd5+ Rxd5 33. Rxd5 Kxd5 34. Nd2 Nd3+ 35. Ke3 Nxb2 36. Nf1 Nc4+ 37. Kd3 f4 38. Kc2 e4 39. Nh2 Ne5 40. fxe4+ Kxe4 41. Nf1 Nc4 42. Nh2 Ne3+ 43. Kd2 f3 44. a4 a5 45. Ke1 Ng2+ 46. Kf2 Nxh4 47. Kg3 Nf5+ 48. Kf2 Kd3 49. Nxf3 Ke4 50. Ke2 h6 51. Nd2+ Kd5 52. Kf3 h5 53. Kf4 Nd6 54. Nf3 Nc8 55. Ne5 Ne7 56. Nd7 Kc6 57. Ne5+ Kc7 58. Ke4 Kd6 59. Kd4 h4 60. Nc4+ Kc7 61. Ne5 Nc6+ 62. Nxc6 Kxc6 63. Ke4 h3 64. Kf3 h2 65. Kg2 Kd5 66. Kxh2 Ke4 67. Kg3 Kf5 68. Kf3 Kxg5 69. Ke4 Kg4 0-1

[Event "Sparkassen-Open A"]
[Site "Heusenstamm, Martinsee"]
[Date "2024.11.21"]
[Round "1.15"]
[White "Karres, David Tobias"]
[Black "Lerch, Cornelia"]
[Result "1-0"]
[WhiteElo "1636"]
[BlackElo "1787"]
[PlyCount "81"]
[EventDate "2024.11.21"]
[WhiteTeam "SF Heidelberg"]
[BlackTeam "SK 1980 Gernsheim"]

1. e4 c5 2. Nc3 Nc6 3. f4 d6 4. Bb5 Bd7 5. Nf3 a6 6. Bxc6 Bxc6 7. d3 g6 8. O-O Bg7 9. Be3 e6 10. e5 b6 11. d4 Ne7 12. exd6 Nf5 13. Bf2 Bxf3 14. Qxf3 Nxd4 15. Bxd4 Bxd4+ 16. Kh1 O-O 17. Ne4 Bxb2 18. Rab1 Bg7 19. Rfd1 Ra7 20. Rd3 c4 21. Rd2 Rd7 22. Qa3 Qa8 23. Qe3 b5 24. Nc5 Ra7 25. Rbd1 Rd8 26. d7 Rc7 27. Rd6 Rxc5 28. Qxc5 Bf8 29. Qb6 Bxd6 30. Rxd6 a5 31. Qxb5 Qe4 32. Qxa5 Kg7 33. Qe5+ Qxe5 34. fxe5 g5 35. a4 Kg6 36. a5 Kf5 37. a6 Kxe5 38. Rd1 Kf6 39. a7 Ke7 40. Kg1 Ra8 41. d8=Q+ 1-0

[Event "Sparkassen-Open A"]
[Site "Heusenstamm, Martinsee"]
[Date "2024.11.21"]
[Round "1.16"]
[White "Neagu, Liviu"]
[Black "Laznik, Zeljko"]
[Result "1-0"]
[WhiteElo "1781"]
[BlackElo "1630"]
[PlyCount "101"]
[EventDate "2024.11.21"]
[WhiteTeam "Wiesbaden"]
[BlackTeam "SF Heusenstamm"]

1. d4 d5 2. c4 dxc4 3. e3 Bf5 4. Qf3 Bxb1 5. Qxb7 Nd7 6. Rxb1 c3 7. bxc3 Ngf6 8. Bb5 e6 9. Bc6 Rc8 10. Nf3 Be7 11. Qxa7 O-O 12. c4 Rb8 13. Rb3 Rb6 14. Bxd7 Nxd7 15. c5 Rb8 16. Qa3 Nb6 17. Qb2 Na4 18. Qc2 Ra8 19. O-O f5 20. Rb4 Nb6 21. Ne5 Qd5 22. Rb3 Nd7 23. Nxd7 Qxd7 24. Bd2 Qd5 25. Rfb1 Bg5 26. e4 fxe4 27. Bxg5 Qxg5 28. Qxe4 Rae8 29. Rb7 Rf4 30. Qc6 Ref8 31. Qxe6+ R4f7 32. Rb8 Qe7 33. Qxe7 Rxe7 34. Rxf8+ Kxf8 35. Kf1 c6 36. a4 Ra7 37. Rb4 Ke7 38. Ke2 Ke6 39. Ke3 Kf5 40. h4 h5 41. f3 g5 42. hxg5 Kxg5 43. g3 Re7+ 44. Kd3 Ra7 45. d5 Rd7 46. d6 Kf5 47. g4+ Kg5 48. gxh5 Kxh5 49. Rb6 Ra7 50. Rxc6 Rxa4 51. d7 1-0

[Event "Sparkassen-Open A"]
[Site "Heusenstamm, Martinsee"]
[Date "2024.11.21"]
[Round "1.17"]
[White "Goodwin, David"]
[Black "Fang, Borui"]
[Result "0-1"]
[WhiteElo "1627"]
[BlackElo "1775"]
[PlyCount "52"]
[EventDate "2024.11.21"]
[WhiteTeam "SV 1920 Kelsterbach"]
[BlackTeam "SV Oberursel"]

1. Nf3 Nf6 2. g3 c6 3. Bg2 d5 4. d3 e6 5. O-O Be7 6. Nbd2 O-O 7. e4 dxe4 8. dxe4 b6 9. e5 Nd5 10. c3 Bb7 11. Nc4 Nd7 12. Ne3 Qc7 13. Nxd5 cxd5 14. Re1 Rfd8 15. Qe2 a5 16. Bf4 Ba6 17. Qd2 Rac8 18. Rac1 Nc5 19. Nd4 Qb7 20. c4 Ne4 21. Qe2 Rxc4 22. Rxc4 Bxc4 23. Qe3 Ba6 24. Bxe4 dxe4 25. Qxe4 Qxe4 26. Rxe4 Bb7 0-1

[Event "Sparkassen-Open A"]
[Site "Heusenstamm, Martinsee"]
[Date "2024.11.21"]
[Round "1.18"]
[White "Al Luwaisi, Moutaz"]
[Black "Kaiser, Danny"]
[Result "1-0"]
[WhiteElo "1769"]
[BlackElo "1627"]
[PlyCount "77"]
[EventDate "2024.11.21"]
[WhiteTeam "SC ML Kastellaun"]
[BlackTeam "SC Bad Nauheim"]

1. e4 e5 2. Nf3 Nc6 3. Bc4 Bc5 4. c3 d6 5. a4 a5 6. h3 Nf6 7. d3 O-O 8. Bg5 Be6 9. Nbd2 d5 10. Bxf6 gxf6 11. exd5 Bxd5 12. Bxd5 Qxd5 13. Ne4 Be7 14. Nh4 Rad8 15. O-O Qxd3 16. Qg4+ Kh8 17. Qf5 Rg8 18. Rfe1 Rg7 19. Rad1 Qc4 20. Rxd8+ Bxd8 21. Qd7 Qe6 22. Rd1 Qxd7 23. Rxd7 Kg8 24. Nf5 Rg6 25. h4 Kf8 26. h5 Rg4 27. f3 Ke8 28. Rxd8+ Kxd8 29. fxg4 Ne7 30. Nxf6 Nxf5 31. gxf5 Ke7 32. Ne4 b6 33. g4 c6 34. g5 Kf8 35. f6 Kg8 36. Kf2 h6 37. g6 b5 38. b3 c5 39. Nxc5 1-0

[Event "Sparkassen-Open A"]
[Site "Heusenstamm, Martinsee"]
[Date "2024.11.21"]
[Round "1.19"]
[White "Vick, Edward"]
[Black "Schlömer, Andreas"]
[Result "1/2-1/2"]
[WhiteElo "1626"]
[BlackElo "1767"]
[PlyCount "67"]
[EventDate "2024.11.21"]
[WhiteTeam "TuS Makkabi Wiesbaden"]
[BlackTeam "SK Upland Willingen"]

1. e4 c5 2. c3 d5 3. exd5 Qxd5 4. d4 cxd4 5. cxd4 Nc6 6. Nf3 e6 7. Nc3 Qd8 8. Be2 Nf6 9. O-O Be7 10. Be3 O-O 11. Ne5 Nb4 12. a3 Nbd5 13. Bf3 a6 14. Rc1 Nxc3 15. Rxc3 Nd5 16. Bxd5 Qxd5 17. Qf3 Qxf3 18. Nxf3 Bd6 19. Ne5 Bxe5 20. dxe5 Bd7 21. Rc7 Bc6 22. Bc5 Rfd8 23. Bd6 Rac8 24. Rxc8 Rxc8 25. Rc1 Rd8 26. b4 f6 27. f4 fxe5 28. fxe5 Rd7 29. Rf1 Rf7 30. Rxf7 Kxf7 31. Kf2 Kg6 32. g3 Kf5 33. h4 h5 34. Ke3 1/2-1/2

[Event "Sparkassen-Open A"]
[Site "Heusenstamm, Martinsee"]
[Date "2024.11.21"]
[Round "1.20"]
[White "Ahrens, Gunnar"]
[Black "Moldenhauer, Nils"]
[Result "1/2-1/2"]
[WhiteElo "1760"]
[BlackElo "1618"]
[PlyCount "59"]
[EventDate "2024.11.21"]
[WhiteTeam "Delmenhorster SK V 1931"]
[BlackTeam "SV Oberursel"]

1. f4 d5 2. Nf3 Nc6 3. e3 Bf5 4. Bb5 Bd7 5. b3 Nf6 6. Bb2 e6 7. O-O Bd6 8. Ne5 Bxe5 9. fxe5 Ne4 10. d3 Nc5 11. Ba3 Nxe5 12. Bxc5 Bxb5 13. Nc3 Ba6 14. Qh5 Ng6 15. Rf2 b6 16. Ba3 Qd7 17. Raf1 f6 18. Ne2 O-O-O 19. Bb2 Qe7 20. Nd4 Ne5 21. a4 Bb7 22. Nb5 Nc6 23. Ba3 Qd7 24. Bb2 a6 25. Na3 e5 26. Qh4 Qe6 27. Qg3 Rhg8 28. Nb1 d4 29. e4 Kb8 30. Nd2 1/2-1/2

[Event "Sparkassen-Open A"]
[Site "Heusenstamm, Martinsee"]
[Date "2024.11.21"]
[Round "1.21"]
[White "Maibaum, Harry"]
[Black "Lingl, Peter"]
[Result "1/2-1/2"]
[WhiteElo "1610"]
[BlackElo "1757"]
[PlyCount "72"]
[EventDate "2024.11.21"]
[WhiteTeam "Sfr.Heimersheim"]
[BlackTeam "SC JÄKLECHEMIE Talente Franken e"]

1. d4 c5 2. d5 e5 3. e4 d6 4. Bb5+ Bd7 5. Bxd7+ Nxd7 6. Nf3 g6 7. Be3 Bg7 8. c4 Ne7 9. Qd2 Nf6 10. Nc3 Ng4 11. h3 Nxe3 12. Qxe3 O-O 13. g4 Kh8 14. O-O-O a6 15. Kb1 b5 16. Nd2 b4 17. Ne2 a5 18. h4 Qd7 19. Rdg1 Ng8 20. Qh3 f6 21. Ng3 Rf7 22. h5 g5 23. h6 Bxh6 24. Nf5 Bf8 25. Rg2 Ra7 26. Rgh2 Rb7 27. Nf1 Qa4 28. Qb3 Qxb3 29. axb3 Ra7 30. N1g3 h6 31. Kc2 a4 32. Rb1 a3 33. bxa3 bxa3 34. Ra1 Kh7 35. Ra2 Ra6 36. Rh1 Rfa7 1/2-1/2

[Event "Sparkassen-Open A"]
[Site "Heusenstamm, Martinsee"]
[Date "2024.11.21"]
[Round "1.22"]
[White "Carvelli, Nicolas"]
[Black "Milman, Sophie"]
[Result "1/2-1/2"]
[WhiteElo "1745"]
[BlackElo "1607"]
[PlyCount "32"]
[EventDate "2024.11.21"]
[WhiteTeam "SF Seligenstadt 05"]
[BlackTeam "VSG 1880 Offenbach"]

1. d4 Nf6 2. c4 g6 3. Nc3 Bg7 4. e4 d6 5. f3 O-O 6. Be3 b6 7. Bd3 Bb7 8. Nge2 c5 9. d5 e6 10. O-O Re8 11. Qd2 exd5 12. cxd5 Ba6 13. Bxa6 Nxa6 14. a3 Rb8 15. Qd3 Nc7 16. a4 a5 1/2-1/2

[Event "Sparkassen-Open A"]
[Site "Heusenstamm, Martinsee"]
[Date "2024.11.21"]
[Round "1.23"]
[White "Liu, Jonas"]
[Black "Avhopulo, Kirill"]
[Result "0-1"]
[WhiteElo "1602"]
[BlackElo "1743"]
[PlyCount "86"]
[EventDate "2024.11.21"]
[WhiteTeam "SV Oberursel"]
[BlackTeam "SK Marburg 1931/72"]

1. e4 c5 2. c3 Nc6 3. d4 cxd4 4. cxd4 e6 5. Nf3 d5 6. e5 Bb4+ 7. Nc3 Nge7 8. Be2 a6 9. O-O O-O 10. Bd3 Ng6 11. Bg5 Qb6 12. Na4 Qc7 13. a3 Be7 14. Bxe7 Qxe7 15. Rc1 Rd8 16. Nc5 Nf8 17. Nxa6 bxa6 18. Rxc6 Bb7 19. Rc3 Rdc8 20. Rxc8 Rxc8 21. h4 Qd8 22. g3 Qb6 23. b4 Rc3 24. Ng5 h6 25. Nh3 Rxa3 26. Qd2 Rb3 27. Rb1 Rxb1+ 28. Bxb1 a5 29. b5 Qxb5 30. Bd3 Qb4 31. Qd1 a4 32. Nf4 a3 33. Qa1 Bc6 34. Ng2 Ba4 35. Ne1 g6 36. h5 Kg7 37. hxg6 fxg6 38. Bc2 Bxc2 39. Nxc2 Qb2 40. Qd1 a2 41. Kg2 Qb1 42. Qf1 Qxc2 43. Qa6 Qb1 0-1

[Event "Sparkassen-Open A"]
[Site "Heusenstamm, Martinsee"]
[Date "2024.11.21"]
[Round "1.24"]
[White "Steinke, Hans-Jörg"]
[Black "Wernicke, Dieter"]
[Result "0-1"]
[WhiteElo "1742"]
[BlackElo "1601"]
[PlyCount "66"]
[EventDate "2024.11.21"]
[WhiteTeam "Schachverein Erkenschwick 1923 e"]
[BlackTeam "SV Mainspitze Ginsheim"]

1. d4 Nf6 2. c4 d5 3. Nc3 e6 4. Bg5 Be7 5. e3 Nbd7 6. Nf3 O-O 7. Rc1 Re8 8. Bd3 dxc4 9. Bxc4 Nd5 10. Bxe7 Nxe7 11. Bd3 Ng6 12. h4 Ngf8 13. Nb5 c6 14. Nd6 Re7 15. Ne4 Qa5+ 16. Nc3 e5 17. dxe5 Nxe5 18. Nxe5 Rxe5 19. Qa4 Qb6 20. Qc2 Bg4 21. Kf1 Rae8 22. Nd1 Be6 23. Nc3 Qa5 24. b3 Qd8 25. Ne2 Rh5 26. g3 Rd5 27. Nf4 Rd6 28. Nxe6 Rexe6 29. Be2 Rd2 30. Qb1 Qa5 31. a4 Qd5 32. Rg1 Rd6 33. Bc4 Qf3 0-1

[Event "Sparkassen-Open A"]
[Site "Heusenstamm, Martinsee"]
[Date "2024.11.21"]
[Round "1.25"]
[White "Sharma, Aarav"]
[Black "Bengsch, Norbert"]
[Result "1-0"]
[WhiteElo "1598"]
[BlackElo "1740"]
[PlyCount "41"]
[EventDate "2024.11.21"]
[WhiteTeam "SAbt TuS Makkabi Ffm"]
[BlackTeam "SG Donautal Tuttlingen"]

1. e4 c5 2. Nf3 Nc6 3. Bb5 Nf6 4. Nc3 g6 5. Bxc6 bxc6 6. O-O Bg7 7. e5 Ng4 8. Re1 O-O 9. Na4 d6 10. d4 Qa5 11. Nc3 cxd4 12. Qxd4 Nxe5 13. Nxe5 Bxe5 14. Qc4 Be6 15. Qd3 Rab8 16. Re3 Bf5 17. Qe2 Rfe8 18. a3 Be6 19. Rg3 Bxc3 20. bxc3 Qxc3 21. Rxc3 1-0